000
00320nam a2200133Ia 4500
008
231129s1969||||xx |||||||||||||| ||spa||
040
_b
spa
082
_a
273.1 D917
100
_a
Dunham Barrows
245
0
_a
Heroes y Herejes : Antiguedad y edad media
260
_c
1969
264
_a
Seix Barral
942
_2
ddc
_c
BKS
999
_c
14993
_d
14993